000
00269nam a22001097a 4500
082
_a
823
_b
OLI/L
100
_a
OLIVER, MARY
245
_a
THE LEGEND OF SANTA CLAUS
246
_a
THE LEGEND OF SANTA CLAUS
_b
THE LEGEND OF SANTA CLAUS
650
_a
ENGLISH STORY
942
_c
BK
999
_c
8830
_d
8830